| 000 | 01093cam a22003013a 4500 | ||
|---|---|---|---|
| 001 | 15252 | ||
| 003 | PGUSA | ||
| 005 | 20140828083327.0 | ||
| 008 | 050304s2005||||xxu|||||s|||||000 1 eng d | ||
| 040 |
_aPGUSA _beng |
||
| 042 | _adc | ||
| 050 | 4 | _aPR | |
| 245 | 1 | 0 |
_aVictorian Short Stories : _bStories of Successful Marriages _h[electronic resource] |
| 260 |
_bProject Gutenberg, _c2005 |
||
| 505 | 0 | _aThe Manchester Marriage, by Elizabeth Gaskell -- A Mere Interlude, by Thomas Hardy -- A Faithful Heart, by George Moore -- The Solid Gold Reef Company, Limited, by Walter Besant -- The Tree Of Knowledge, by Henry James. | |
| 506 | _aPublic domain in the USA. | ||
| 516 | _aElectronic text | ||
| 653 | _aMarriage -- Fiction | ||
| 653 | _aShort stories | ||
| 700 | 1 |
_aMoore, George, _d1852-1933 |
|
| 700 | 1 |
_aJames, Henry, _d1843-1916 |
|
| 700 | 1 |
_aGaskell, Elizabeth Cleghorn, _d1810-1865 |
|
| 700 | 1 |
_aBesant, Walter, _d1836-1901 |
|
| 700 | 1 |
_aHardy, Thomas, _d1840-1928 |
|
| 830 | 0 |
_aProject Gutenberg _v15252 |
|
| 856 | 4 | 0 | _uhttp://www.gutenberg.org/ebooks/15252 |
| 942 | _cEB | ||
| 999 |
_c244507 _d244507 |
||